000 01229nam a2200313Ia 4500
001 ebr10279066
003 CaPaEBR
006 m u
007 cr cn|||||||||
008 780522s1979 nyu sb 001 0 eng d
010 _z 78017870
020 _z0195024532
020 _z9780195024531
040 _aCaPaEBR
_cCaPaEBR
035 _a(OCoLC)252583823
050 1 4 _aPS166
_b.G8 1979eb
100 1 _aGunn, Giles B.
245 1 4 _aThe interpretation of otherness
_h[electronic resource] :
_bliterature, religion, and the American imagination /
_cGiles Gunn.
260 _aNew York :
_bOxford University Press,
_c1979.
300 _ax, 250 p.
504 _aIncludes bibliographical references and index.
533 _aElectronic reproduction.
_bPalo Alto, Calif. :
_cebrary,
_d2009.
_nAvailable via World Wide Web.
_nAccess may be limited to ebrary affiliated libraries.
650 0 _aAmerican literature
_xHistory and criticism.
650 0 _aReligion and literature.
650 0 _aReligion in literature.
655 7 _aElectronic books.
_2local
710 2 _aebrary, Inc.
856 4 0 _uhttp://site.ebrary.com/lib/rucke/Doc?id=10279066
_zAn electronic book accessible through the World Wide Web; click to view
999 _c19287
_d19287